[Event "Bruges Meesters op"]
[Site "Bruges BEL"]
[Date "2021.08.18"]
[Round "7.1"]
[White "Ivanov, Mike"]
[Black "Roebers, Eline"]
[Result "0-1"]
[WhiteElo "2195"]
[BlackElo "2173"]
[WhiteFideId "-1"]
[WhiteFideId "-1"]
[PlyCount "62"]
[GameId "2129404732929883"]
[EventDate "2021.08.14"]
[EventType "swiss"]
[EventRounds "9"]
[EventCountry "BEL"]
[SourceTitle "10 Days #661"]
[Source "ChessMix"]
[SourceDate "2021.09.01"]
[SourceVersion "1"]
[SourceVersionDate "2021.09.01"]
[SourceQuality "1"]

1. e4 {[%emt 0:00:10]} c5 {[%emt 0:00:04]} 2. Na3 {[%emt 0:00:03]} Nc6 {[%emt 0:00:03]} 3. Bb5 {[%emt 0:00:34]} g6 {[%emt 0:00:04]} 4. c3 {[%emt 0:05:04]} Bg7 {[%emt 0:01:55]} 5. d3 {[%emt 0:03:34]} e5 {[%emt 0:17:08]} 6. f4 {[%emt 0:17:02]} Nge7 {[%emt 0:04:43]} 7. fxe5 {[%emt 0:08:58]} Nxe5 {[%emt 0:01:13]} 8. Nf3 {[%emt 0:14:41]} a6 {[%emt 0:10:42]} 9. Ba4 {[%emt 0:01:45]} b5 {[%emt 0:15:47]} 10. Nxe5 {[%emt 0:00:14]} Bxe5 {[%emt 0:00:12]} 11. Bb3 {[%emt 0:00:15]} d5 {[%emt 0:05:11]} 12. Qf3 {[%emt 0:04:50]} c4 {[%emt 0:08:35]} 13. Bc2 {[%emt 0:02:56]} cxd3 {[%emt 0:00:06]} 14. Bxd3 {[%emt 0:02:22]} f5 {[%emt 0:06:28]} 15. exf5 {[%emt 0:04:19]} Nxf5 {[%emt 0:00:06]} 16. Bf4 {[%emt 0:02:00]} Bg7 {[%emt 0:06:56]} 17. Qe2+ {[%emt 0:05:41]} Qe7 {[%emt 0:06:04]} 18. Qxe7+ {[%emt 0:00:35]} Nxe7 {[%emt 0:00:03]} 19. Nc2 {[%emt 0:00:56]} O-O {[%emt 0:04:49]} 20. O-O {[%emt 0:00:24]} Bf5 {[%emt 0:00:05]} 21. Rad1 {[%emt 0:01:22]} Nc6 {[%emt 0:04:02]} 22. Bxf5 {[%emt 0:01:03]} Rxf5 {[%emt 0:00:05]} 23. Ne3 {[%emt 0:00:39]} Rf7 {[%emt 0:00:11]} 24. Nxd5 {[%emt 0:00:53]} b4 {[%emt 0:01:38]} 25. Nxb4 {[%emt 0:05:36]} Nxb4 {[%emt 0:00:15]} 26. cxb4 {[%emt 0:00:02]} Bxb2 {[%emt 0:00:12]} 27. Bd6 {[%emt 0:00:06]} Rb7 {[%emt 0:02:51]} 28. Rf3 {[%emt 0:07:57]} Rd8 {[%emt 0:01:46]} 29. b5 {[%emt 0:07:29]} Rbd7 {[%emt 0:00:47]} 30. Rd2 {[%emt 0:01:44]} Bg7 {[%emt 0:01:30]} 31. Rfd3 {[%emt 0:01:57]} axb5 {[%emt 0:00:07]} 0-1

[Event "Bruges Meesters op"]
[Site "Bruges BEL"]
[Date "2021.08.19"]
[Round "8.2"]
[White "Geirnaert, Steven"]
[Black "Ivanov, Mike"]
[Result "1/2-1/2"]
[WhiteElo "2422"]
[BlackElo "2195"]
[WhiteFideId "-1"]
[WhiteFideId "-1"]
[PlyCount "96"]
[GameId "2129404732946273"]
[EventDate "2021.08.14"]
[EventType "swiss"]
[EventRounds "9"]
[EventCountry "BEL"]
[SourceTitle "10 Days #661"]
[Source "ChessMix"]
[SourceDate "2021.09.01"]
[SourceVersion "1"]
[SourceVersionDate "2021.09.01"]
[SourceQuality "1"]

1. d4 {[%emt 0:00:09]} Nf6 {[%emt 0:00:49]} 2. c4 {[%emt 0:00:05]} e6 {[%emt 0:00:11]} 3. Nc3 {[%emt 0:00:09]} Bb4 {[%emt 0:00:06]} 4. f3 {[%emt 0:00:06]} d5 {[%emt 0:00:33]} 5. a3 {[%emt 0:00:10]} Bd6 {[%emt 0:00:06]} 6. e4 {[%emt 0:01:00]} c5 {[%emt 0:00:27]} 7. cxd5 {[%emt 0:19:58]} cxd4 {[%emt 0:00:13]} 8. Bb5+ {[%emt 0:06:21]} Bd7 {[%emt 0:00:33]} 9. Qxd4 {[%emt 0:04:25]} exd5 {[%emt 0:20:12]} 10. exd5 {[%emt 0:09:50]} O-O {[%emt 0:07:48]} 11. Bd3 {[%emt 0:00:51]} Be5 {[%emt 0:32:16]} 12. Qh4 {[%emt 0:02:27]} Bxc3+ {[%emt 0:02:15]} 13. bxc3 {[%emt 0:00:06]} Qa5 {[%emt 0:00:03]} 14. Ne2 {[%emt 0:14:49]} Qxd5 {[%emt 0:00:13]} 15. Bc4 {[%emt 0:00:21]} Qc5 {[%emt 0:01:54]} 16. Bg5 {[%emt 0:01:41]} Nc6 {[%emt 0:09:59]} 17. Bxf6 {[%emt 0:06:45]} gxf6 {[%emt 0:00:15]} 18. Bd3 {[%emt 0:02:09]} f5 {[%emt 0:06:16]} 19. Qf2 {[%emt 0:01:53]} Qxf2+ {[%emt 0:00:46]} 20. Kxf2 {[%emt 0:00:51]} Ne5 {[%emt 0:00:11]} 21. Rhd1 {[%emt 0:03:01]} Rac8 {[%emt 0:01:57]} 22. Rab1 {[%emt 0:00:32]} Ba4 {[%emt 0:01:37]} 23. Bxf5 {[%emt 0:03:57]} Bxd1 {[%emt 0:00:09]} 24. Rxd1 {[%emt 0:00:15]} Rcd8 {[%emt 0:02:57]} 25. Rb1 {[%emt 0:00:14]} b6 {[%emt 0:00:18]} 26. Nd4 {[%emt 0:01:56]} Rd5 {[%emt 0:01:26]} 27. a4 {[%emt 0:02:04]} Rc5 {[%emt 0:01:29]} 28. Rb5 {[%emt 0:03:14]} Re8 {[%emt 0:01:47]} 29. Rb3 {[%emt 0:03:04]} Nc4 {[%emt 0:01:20]} 30. Bd3 {[%emt 0:00:41]} Na5 {[%emt 0:01:42]} 31. Ra3 {[%emt 0:00:02]} Rec8 {[%emt 0:01:05]} 32. Nb5 {[%emt 0:04:14]} a6 {[%emt 0:00:35]} 33. Nd4 {[%emt 0:00:06]} Rxc3 {[%emt 0:00:59]} 34. Rxc3 {[%emt 0:00:02]} Rxc3 {[%emt 0:00:07]} 35. Bxa6 {[%emt 0:00:03]} f6 {[%emt 0:04:47]} 36. g4 {[%emt 0:00:17]} Kf7 {[%emt 0:00:22]} 37. h4 {[%emt 0:00:25]} Ke7 {[%emt 0:00:44]} 38. Kg3 {[%emt 0:01:44]} Nb3 {[%emt 0:00:35]} 39. Nxb3 {[%emt 0:04:03]} Rxb3 {[%emt 0:00:04]} 40. Bb5 {[%emt 0:00:25]} Rb4 {[%emt 0:00:51]} 41. g5 {[%emt 0:01:26]} f5 {[%emt 0:00:28]} 42. h5 {[%emt 0:00:27]} Kf7 {[%emt 0:00:16]} 43. h6 {[%emt 0:02:20]} Kg6 {[%emt 0:00:53]} 44. f4 {[%emt 0:00:06]} Rb3+ {[%emt 0:00:17]} 45. Kf2 {[%emt 0:02:07]} Kh5 {[%emt 0:00:20]} 46. Be2+ {[%emt 0:00:03]} Kg6 {[%emt 0:00:36]} 47. Bb5 {[%emt 0:00:12]} Kh5 {[%emt 0:00:12]} 48. Be2+ {[%emt 0:01:25]} Kg6 {[%emt 0:00:09]} 1/2-1/2

[Event "Bruges Meesters op"]
[Site "Bruges BEL"]
[Date "2021.08.20"]
[Round "9.2"]
[White "Ivanov, Mike"]
[Black "Leenhouts, Koen"]
[Result "1-0"]
[WhiteElo "2195"]
[BlackElo "2414"]
[WhiteFideId "-1"]
[WhiteFideId "-1"]
[PlyCount "99"]
[GameId "2129404732946278"]
[EventDate "2021.08.14"]
[EventType "swiss"]
[EventRounds "9"]
[EventCountry "BEL"]
[SourceTitle "10 Days #661"]
[Source "ChessMix"]
[SourceDate "2021.09.01"]
[SourceVersion "1"]
[SourceVersionDate "2021.09.01"]
[SourceQuality "1"]

1. e4 {[%emt 0:00:02]} c6 {[%emt 0:00:08]} 2. Nc3 {[%emt 0:00:57]} d5 {[%emt 0:00:08]} 3. Nf3 {[%emt 0:00:06]} Nf6 {[%emt 0:00:05]} 4. e5 {[%emt 0:01:38]} Ne4 {[%emt 0:00:03]} 5. Ne2 {[%emt 0:00:14]} h6 {[%emt 0:00:06]} 6. d3 {[%emt 0:07:15]} Ng5 {[%emt 0:04:09]} 7. Nh4 {[%emt 0:13:05]} Qb6 {[%emt 0:05:06]} 8. c3 {[%emt 0:09:25]} c5 {[%emt 0:06:44]} 9. Nf4 {[%emt 0:09:39]} e6 {[%emt 0:02:18]} 10. Nh5 {[%emt 0:00:43]} Nc6 {[%emt 0:04:27]} 11. f4 {[%emt 0:00:16]} Nh7 {[%emt 0:00:20]} 12. Nf3 {[%emt 0:02:50]} Bd7 {[%emt 0:02:57]} 13. Be2 {[%emt 0:00:31]} g6 {[%emt 0:12:35]} 14. Ng3 {[%emt 0:00:19]} Be7 {[%emt 0:00:35]} 15. O-O {[%emt 0:09:22]} h5 {[%emt 0:01:33]} 16. Rb1 {[%emt 0:05:12]} h4 {[%emt 0:12:10]} 17. Nh1 {[%emt 0:00:04]} O-O-O {[%emt 0:00:50]} 18. Be3 {[%emt 0:05:21]} g5 {[%emt 0:09:37]} 19. b4 {[%emt 0:02:18]} gxf4 {[%emt 0:00:53]} 20. bxc5 {[%emt 0:00:48]} Qc7 {[%emt 0:01:40]} 21. Bxf4 {[%emt 0:00:18]} Bxc5+ {[%emt 0:01:16]} 22. d4 {[%emt 0:00:07]} Bb6 {[%emt 0:01:56]} 23. Nxh4 {[%emt 0:02:45]} Rdg8 {[%emt 0:00:58]} 24. Qd2 {[%emt 0:07:18]} Qd8 {[%emt 0:06:53]} 25. Nf3 {[%emt 0:01:10]} Ne7 {[%emt 0:00:40]} 26. Bd3 {[%emt 0:05:03]} Ng6 {[%emt 0:05:33]} 27. Bg3 {[%emt 0:00:19]} Kb8 {[%emt 0:00:48]} 28. Nf2 {[%emt 0:00:45]} Ka8 {[%emt 0:00:20]} 29. Ng4 {[%emt 0:04:56]} Ne7 {[%emt 0:06:28]} 30. Nh6 {[%emt 0:01:44]} Rg7 {[%emt 0:02:42]} 31. Bh4 {[%emt 0:00:28]} Qe8 {[%emt 0:04:29]} 32. Bf6 {[%emt 0:02:59]} Nxf6 {[%emt 0:00:12]} 33. exf6 {[%emt 0:00:10]} Rg6 {[%emt 0:00:03]} 34. Bxg6 {[%emt 0:02:53]} Nxg6 {[%emt 0:00:02]} 35. Ng4 {[%emt 0:00:45]} e5 {[%emt 0:00:13]} 36. Rxb6 {[%emt 0:02:43]} Bxg4 {[%emt 0:00:03]} 37. Rbb1 {[%emt 0:01:05]} e4 {[%emt 0:01:06]} 38. Rbe1 {[%emt 0:00:58]} Rh5 {[%emt 0:07:30]} 39. h3 {[%emt 0:02:07]} Bxh3 {[%emt 0:00:55]} 40. gxh3 {[%emt 0:00:08]} Qg8 {[%emt 0:00:17]} 41. Nh2 {[%emt 0:00:28]} Rxh3 {[%emt 0:00:56]} 42. Qg2 {[%emt 0:00:44]} Qh7 {[%emt 0:00:53]} 43. c4 {[%emt 0:00:39]} Qh4 {[%emt 0:00:17]} 44. Kh1 {[%emt 0:01:08]} dxc4 {[%emt 0:00:25]} 45. Re2 {[%emt 0:00:51]} a6 {[%emt 0:00:43]} 46. Qxg6 {[%emt 0:00:21]} Rf3 {[%emt 0:00:38]} 47. Qg8+ {[%emt 0:00:16]} Ka7 {[%emt 0:00:01]} 48. Qg2 {[%emt 0:00:54]} Rg3 {[%emt 0:00:03]} 49. Qxe4 {[%emt 0:00:15]} Qh3 {[%emt 0:00:09]} 50. d5 {[%emt 0:00:36]} 1-0

[Event "Prague Summer op"]
[Site "Prague CZE"]
[Date "2021.08.09"]
[Round "5.6"]
[White "Pap, Gyula"]
[Black "Ivanov, Mike"]
[Result "1/2-1/2"]
[WhiteElo "2519"]
[BlackElo "2195"]
[WhiteFideId "-1"]
[WhiteFideId "-1"]
[PlyCount "151"]
[GameId "2130307584973768"]
[EventDate "2021.08.06"]
[EventType "swiss"]
[EventRounds "9"]
[EventCountry "CZE"]
[SourceTitle "10 Days #560"]
[Source "ChessMix"]
[SourceDate "2018.11.10"]
[SourceVersion "1"]
[SourceVersionDate "2018.11.10"]
[SourceQuality "1"]

1. e4 e6 2. d4 d5 3. Nc3 Bb4 4. a3 Bxc3+ 5. bxc3 dxe4 6. Qg4 Nf6 7. Qxg7 Rg8 8. Qh6 c5 9. Ne2 Bd7 10. Bb2 Ba4 11. dxc5 Nbd7 12. Nd4 Qc7 13. g3 Qxc5 14. Be2 Rg6 15. Qe3 Nb6 16. O-O Nc4 17. Nxe6 Qxe3 18. Nc7+ Ke7 19. fxe3 Nxb2 20. Nxa8 Bc6 21. Nc7 a6 22. c4 Na4 23. Rf5 Nc3 24. Bf1 Ng4 25. Re1 f6 26. Rh5 Rg7 27. Bh3 Ne5 28. Ne6 Nf3+ 29. Kf2 Rf7 30. Nd4 Nxe1 31. Kxe1 Bd7 32. Bxd7 Kxd7 33. g4 Kd6 34. Rf5 Rc7 35. Rxf6+ Ke7 36. Rh6 Ke8 37. g5 Nb1 38. a4 Na3 39. Re6+ Kf7 40. Rxe4 Rxc4 41. Kd2 Rxa4 42. Rf4+ Kg6 43. h4 Kh5 44. Kd3 b5 45. c3 Nc4 46. Ke4 Nd2+ 47. Kf5 Rc4 48. Kf6 b4 49. cxb4 Rxb4 50. Kg7 Rb7+ 51. Kg8 h6 52. Ne6 hxg5 53. hxg5 a5 54. Rf6 a4 55. Rh6+ Kg4 56. g6 a3 57. Rh1 a2 58. Ra1 Ra7 59. Nd4 Ne4 60. g7 Nf6+ 61. Kf8 Nh7+ 62. Ke8 Nf6+ 63. Kd8 Rd7+ 64. Kc8 Rxg7 65. Rxa2 Re7 66. Rg2+ Kh3 67. Rg6 Nd5 68. Nf5 Re5 69. Rg3+ Kh2 70. Rf3 Ne7+ 71. Nxe7 Rxe7 72. Kd8 Re4 73. Kd7 Kg2 74. Rf6 Rxe3 75. Re6 Rxe6 76. Kxe6 1/2-1/2

[Event "Prague Summer op"]
[Site "Prague CZE"]
[Date "2021.08.10"]
[Round "6.12"]
[White "Ivanov, Mike"]
[Black "Stillger, Bernhard"]
[Result "1-0"]
[WhiteElo "2195"]
[BlackElo "2255"]
[WhiteFideId "-1"]
[WhiteFideId "-1"]
[PlyCount "111"]
[GameId "2130307584973797"]
[EventDate "2021.08.06"]
[EventType "swiss"]
[EventRounds "9"]
[EventCountry "CZE"]
[SourceTitle "10 Days #560"]
[Source "ChessMix"]
[SourceDate "2018.11.10"]
[SourceVersion "1"]
[SourceVersionDate "2018.11.10"]
[SourceQuality "1"]

1. e4 c6 2. Nc3 d5 3. Nf3 Bg4 4. d4 Nf6 5. h3 Bxf3 6. Qxf3 e6 7. Bd3 dxe4 8. Nxe4 Nxe4 9. Qxe4 Nd7 10. Bf4 Nf6 11. Qe5 Qd5 12. Qc7 Qd7 13. Qxd7+ Kxd7 14. c4 Bd6 15. Be3 Rhd8 16. Ke2 Ke7 17. Rhd1 Rd7 18. a3 Bc7 19. Rd2 a6 20. g4 Rad8 21. Rad1 Bb6 22. g5 Ne8 23. Bc2 g6 24. Bb3 Ng7 25. d5 Bxe3 26. fxe3 exd5 27. cxd5 c5 28. e4 Kd6 29. Rf1 Nh5 30. Ke3 Re7 31. Rf3 Ke5 32. Rdf2 Rdd7 33. d6 Kxd6 34. Rxf7 Ke5 35. Rxe7+ Rxe7 36. Bd5 b5 37. h4 c4 38. Rf8 Ng3 39. Rd8 Nf1+ 40. Ke2 Ng3+ 41. Kf3 Nf1 42. Bg8 Nh2+ 43. Kg3 Kxe4 44. Kxh2 Kf4 45. Rd4+ Ke3 46. Rd6 Kf4 47. Rd2 Kg4 48. Rd4+ Kf3 49. Kh3 Re1 50. Bd5+ Kf2 51. Rf4+ Kg1 52. Kg3 Re2 53. Bf3 Rd2 54. h5 gxh5 55. Rh4 Rxb2 56. Rh1# 1-0

[Event "Prague Summer op"]
[Site "Prague CZE"]
[Date "2021.08.11"]
[Round "7.7"]
[White "Ivanov, Mike"]
[Black "Humburg, Philipp"]
[Result "0-1"]
[WhiteElo "2195"]
[BlackElo "2245"]
[WhiteFideId "-1"]
[WhiteFideId "-1"]
[PlyCount "66"]
[GameId "2130307584973816"]
[EventDate "2021.08.06"]
[EventType "swiss"]
[EventRounds "9"]
[EventCountry "CZE"]
[SourceTitle "10 Days #560"]
[Source "ChessMix"]
[SourceDate "2018.11.10"]
[SourceVersion "1"]
[SourceVersionDate "2018.11.10"]
[SourceQuality "1"]

1. e4 c5 2. Nf3 d6 3. d4 cxd4 4. Qxd4 Nc6 5. Qe3 g6 6. Be2 Bg7 7. O-O Nf6 8. h3 O-O 9. Rd1 b6 10. c4 Bb7 11. Nc3 Nb4 12. Rb1 Nd7 13. Nd4 a6 14. b3 Rc8 15. Bb2 e6 16. Ba3 e5 17. Ne6 fxe6 18. Bxb4 Nc5 19. Ba3 Bf6 20. Bc1 Qe7 21. b4 Nd7 22. Qd3 Bh4 23. g3 Qf7 24. gxh4 Qxf2+ 25. Kh1 Qxh4 26. Bg4 Nf6 27. Bxe6+ Kg7 28. Qxd6 Nxe4 29. Qxe5+ Rf6 30. Rd7+ Kh8 31. Bh6 Nf2+ 32. Kg1 Nxh3+ 33. Kh2 Nf2+ 0-1

[Event "Prague Summer op"]
[Site "Prague CZE"]
[Date "2021.08.12"]
[Round "8.20"]
[White "Zigmund, David"]
[Black "Ivanov, Mike"]
[Result "0-1"]
[WhiteElo "1922"]
[BlackElo "2195"]
[WhiteFideId "-1"]
[WhiteFideId "-1"]
[PlyCount "80"]
[GameId "2130307584977949"]
[EventDate "2021.08.06"]
[EventType "swiss"]
[EventRounds "9"]
[EventCountry "CZE"]
[SourceTitle "10 Days #560"]
[Source "ChessMix"]
[SourceDate "2018.11.10"]
[SourceVersion "1"]
[SourceVersionDate "2018.11.10"]
[SourceQuality "1"]

1. e4 e6 2. Nf3 d5 3. exd5 exd5 4. d4 Nf6 5. Bd3 c5 6. Qe2+ Be7 7. Bb5+ Bd7 8. O-O O-O 9. dxc5 Bxc5 10. Bg5 Re8 11. Qd3 Qb6 12. Bxd7 Nbxd7 13. Nc3 Ne4 14. Nxd5 Nxf2 15. Rxf2 Bxf2+ 16. Kf1 Qxb2 17. Rd1 Nc5 18. Qc4 b5 19. Qc3 Qxc3 20. Nxc3 h6 21. Kxf2 hxg5 22. Nxb5 Ne4+ 23. Kf1 Re7 24. c4 Rc8 25. Re1 g4 26. Nd6 Nxd6 27. Rxe7 gxf3 28. Rxa7 fxg2+ 29. Kxg2 Nxc4 30. Kf3 Rc5 31. Ra8+ Kh7 32. Ra4 f5 33. Kf4 Kh6 34. h4 g6 35. a3 Na5 36. Ke3 Kh5 37. Kd4 Nb3+ 38. Ke3 Ra5 39. Rb4 Rxa3 40. Kf4 Nc1 0-1

[Event "Prague Summer op"]
[Site "Prague CZE"]
[Date "2021.08.13"]
[Round "9.10"]
[White "Ivanov, Mike"]
[Black "Gimenez Menchon, Cesar"]
[Result "1-0"]
[WhiteElo "2195"]
[BlackElo "2246"]
[WhiteFideId "-1"]
[WhiteFideId "-1"]
[PlyCount "59"]
[GameId "2130307584977963"]
[EventDate "2021.08.06"]
[EventType "swiss"]
[EventRounds "9"]
[EventCountry "CZE"]
[SourceTitle "10 Days #560"]
[Source "ChessMix"]
[SourceDate "2018.11.10"]
[SourceVersion "1"]
[SourceVersionDate "2018.11.10"]
[SourceQuality "1"]

1. e4 d6 2. d4 Nf6 3. Nc3 e5 4. Nf3 Nbd7 5. g4 Nxg4 6. Rg1 Ngf6 7. Bc4 exd4 8. Qxd4 c6 9. a4 Qb6 10. Qd3 Nc5 11. Qe2 Be6 12. Bxe6 Nxe6 13. a5 Qc5 14. Ng5 h6 15. Nxe6 fxe6 16. Be3 Qh5 17. f3 Qh4+ 18. Bf2 Qxh2 19. a6 b5 20. O-O-O Qh5 21. Kb1 b4 22. Qc4 Kf7 23. Qxc6 Be7 24. Nb5 Rhc8 25. Nxd6+ Bxd6 26. Qxd6 Qxf3 27. Bc5 Kg8 28. Rdf1 Qh5 29. Bd4 Ne8 30. Qf8+ 1-0

[Event "Titled Tuesday 2021.07.20"]
[Site "chess.com INT"]
[Date "2021.07.20"]
[Round "1"]
[White "Ivanov, Mike"]
[Black "Bach, Ngoc Thuy Duong"]
[Result "1-0"]
[WhiteElo "2195"]
[BlackElo "2198"]
[WhiteFideId "-1"]
[WhiteFideId "-1"]
[PlyCount "93"]
[GameId "2130307585573408"]
[EventDate "2021.07.20"]
[EventType "swiss (blitz)"]
[EventRounds "11"]
[EventCountry "NET"]
[SourceTitle "The Week in Chess 1394"]
[Source "Mark Crowther"]
[SourceDate "2021.07.26"]
[SourceVersion "1"]
[SourceVersionDate "2021.07.26"]
[SourceQuality "2"]

1. e4 c5 2. Nf3 d6 3. d4 cxd4 4. Qxd4 a6 5. Be2 Nc6 6. Qe3 g6 7. O-O Bg7 8. h3 Nf6 9. Rd1 O-O 10. c4 Qc7 11. Nc3 Be6 12. Bd2 Rac8 13. Nd5 Bxd5 14. exd5 Na5 15. Rac1 b6 16. b4 Nb7 17. Nd4 Nd7 18. f4 a5 19. a3 Rfe8 20. Kh1 Nf8 21. Bg4 f5 22. Bf3 Nd8 23. Nb5 Qd7 24. Qxb6 axb4 25. axb4 e6 26. Nxd6 e5 27. fxe5 Bxe5 28. Nxe8 Qxe8 29. Re1 Nf7 30. Bf4 Nd7 31. Qe3 Qf8 32. Bxe5 Ndxe5 33. c5 Rb8 34. c6 Qxb4 35. Rb1 Qd6 36. Rxb8+ Qxb8 37. Rc1 Qc7 38. Qa3 Kg7 39. Re1 Nxf3 40. Qxf3 Ne5 41. Qc3 Kf6 42. Qc5 Nd3 43. Qd4+ Ne5 44. d6 Qxc6 45. Qxe5+ Kg5 46. Qe7+ Kh6 47. d7 1-0

[Event "Titled Tuesday 2021.07.20"]
[Site "chess.com INT"]
[Date "2021.07.20"]
[Round "3"]
[White "Zhukov, Maksim"]
[Black "Ivanov, Mike"]
[Result "0-1"]
[WhiteElo "1919"]
[BlackElo "2195"]
[WhiteFideId "-1"]
[WhiteFideId "-1"]
[PlyCount "84"]
[GameId "2130307585577668"]
[EventDate "2021.07.20"]
[EventType "swiss (blitz)"]
[EventRounds "11"]
[EventCountry "NET"]
[SourceTitle "The Week in Chess 1394"]
[Source "Mark Crowther"]
[SourceDate "2021.07.26"]
[SourceVersion "1"]
[SourceVersionDate "2021.07.26"]
[SourceQuality "2"]

1. d4 Nf6 2. c4 e6 3. Nc3 Bb4 4. Bd2 O-O 5. Nf3 Bxc3 6. Bxc3 Ne4 7. Qc2 f5 8. e3 b6 9. Bb4 d6 10. Bd3 Bb7 11. O-O Nd7 12. Ba3 Rf6 13. Rac1 Rg6 14. d5 Ndc5 15. Bxc5 Nxc5 16. b4 Nxd3 17. Qxd3 Qf6 18. Kh1 Rf8 19. e4 fxe4 20. Qxe4 e5 21. Rfe1 Bc8 22. c5 Bg4 23. Re3 Qe7 24. cxd6 cxd6 25. h3 Bf5 26. Qh4 Qd7 27. Rec3 Rh6 28. Rc7 Rxh4 29. Rxd7 Bxd7 30. Nxh4 Rc8 31. Rxc8+ Bxc8 32. Kg1 g6 33. g3 Bb7 34. f4 exf4 35. gxf4 Bxd5 36. a3 Kf7 37. Kf2 Kf6 38. Ke3 a5 39. bxa5 bxa5 40. Kd4 Bc6 41. Kc4 h6 42. f5 gxf5 0-1

[Event "Titled Tuesday 2021.06.08"]
[Site "Chess.com INT"]
[Date "2021.06.08"]
[Round "1"]
[White "Ivanov, Mike"]
[Black "Scherbinin, Kirill"]
[Result "0-1"]
[WhiteElo "2195"]
[BlackElo "2168"]
[WhiteFideId "-1"]
[WhiteFideId "-1"]
[PlyCount "86"]
[GameId "1659317852094464"]
[EventDate "2021.06.08"]
[EventType "swiss (blitz)"]
[EventRounds "11"]
[EventCountry "NET"]
[SourceTitle "CBM 202 Extra"]
[Source "ChessBase"]
[SourceDate "2021.07.31"]
[SourceVersion "1"]
[SourceVersionDate "2021.07.31"]
[SourceQuality "1"]

1. e4 c5 2. Nf3 e6 3. c3 d5 4. e5 Nc6 5. d4 f5 6. a3 Bd7 7. b4 cxd4 8. cxd4 Nge7 9. Nc3 Nc8 10. Na4 a5 11. b5 N6a7 12. Rb1 Nb6 13. Nc5 Rb8 14. a4 Nac8 15. Bd3 Be7 16. Bd2 Nc4 17. Bxc4 dxc4 18. Nxd7 Qxd7 19. Bxa5 O-O 20. O-O Ra8 21. Bb4 Nb6 22. a5 Nd5 23. Bxe7 Qxe7 24. Qc2 c3 25. Ra1 Ra7 26. Ra4 Rfa8 27. Rfa1 h6 28. h4 Qd7 29. Qb3 Kh7 30. a6 b6 31. g3 Rc8 32. Rc4 Qd8 33. Rxc8 Qxc8 34. Ne1 g5 35. hxg5 hxg5 36. Rc1 Kg6 37. Nd3 Qa8 38. Kf1 Rh7 39. Ke2 Nc7 40. Kd1 Qf3+ 41. Kc2 Qe2+ 42. Kxc3 Nd5+ 43. Kc4 Rc7# 0-1

[Event "Titled Tuesday 2021.06.08"]
[Site "Chess.com INT"]
[Date "2021.06.08"]
[Round "2"]
[White "Eynullayev, Altay Elshan"]
[Black "Ivanov, Mike"]
[Result "0-1"]
[WhiteElo "2227"]
[BlackElo "2195"]
[WhiteFideId "-1"]
[WhiteFideId "-1"]
[PlyCount "78"]
[GameId "1659317853069312"]
[EventDate "2021.06.08"]
[EventType "swiss (blitz)"]
[EventRounds "11"]
[EventCountry "NET"]
[SourceTitle "CBM 202 Extra"]
[Source "ChessBase"]
[SourceDate "2021.07.31"]
[SourceVersion "1"]
[SourceVersionDate "2021.07.31"]
[SourceQuality "1"]

1. e4 e6 2. d4 d5 3. e5 c5 4. c3 Nc6 5. Nf3 Bd7 6. a3 c4 7. Nbd2 Na5 8. g3 Bc6 9. Bg2 Qd7 10. O-O Ba4 11. Qe2 O-O-O 12. Re1 Kb8 13. Nf1 Nb3 14. Rb1 Nxc1 15. Rbxc1 Be7 16. h4 Rf8 17. h5 g6 18. N3h2 Qc7 19. Bh3 Bd7 20. Nd2 g5 21. Ng4 Be8 22. Nf3 h6 23. Rc2 Rh7 24. Rd2 Ka8 25. Qd1 Bd8 26. Nfh2 f5 27. exf6 Bxh5 28. Rxe6 Nxf6 29. Qe1 Ne4 30. Rxe4 dxe4 31. Qxe4 Re7 32. Ne5 Be8 33. Qe2 Bc6 34. Qxc4 Rxe5 35. dxe5 Qxe5 36. Re2 Qd6 37. Re1 Bb6 38. Ng4 Qxg3+ 39. Bg2 Qxg2# 0-1

[Event "Titled Tuesday 2021.06.08"]
[Site "Chess.com INT"]
[Date "2021.06.08"]
[Round "4"]
[White "Suasnabar, Jesus"]
[Black "Ivanov, Mike"]
[Result "1-0"]
[WhiteElo "1952"]
[BlackElo "2195"]
[WhiteFideId "-1"]
[WhiteFideId "-1"]
[PlyCount "57"]
[GameId "1659317854932992"]
[EventDate "2021.06.08"]
[EventType "swiss (blitz)"]
[EventRounds "11"]
[EventCountry "NET"]
[SourceTitle "CBM 202 Extra"]
[Source "ChessBase"]
[SourceDate "2021.07.31"]
[SourceVersion "1"]
[SourceVersionDate "2021.07.31"]
[SourceQuality "1"]

1. e4 e6 2. d4 d5 3. Nd2 e5 4. exd5 exd4 5. Bb5+ Bd7 6. Bc4 Nf6 7. Ne2 b5 8. Bd3 Nxd5 9. Nxd4 Qe7+ 10. Ne2 Na6 11. Be4 Bc6 12. c4 bxc4 13. Bxd5 Bxd5 14. Qa4+ c6 15. Qxa6 Bxg2 16. Rg1 Bd5 17. Nb1 Qh4 18. Bg5 Bb4+ 19. Nbc3 Qxh2 20. Bf4 Bxc3+ 21. bxc3 Qh3 22. Rxg7 Rd8 23. O-O-O Qf3 24. Rg3 Qxf2 25. Re3+ Be6 26. Qxc6+ Ke7 27. Qc7+ Kf6 28. Qe5+ Ke7 29. Bg5+ 1-0

[Event "Titled Tuesday 2021.06.08"]
[Site "Chess.com INT"]
[Date "2021.06.08"]
[Round "6"]
[White "Hristodorescu, Daniel"]
[Black "Ivanov, Mike"]
[Result "0-1"]
[WhiteElo "2211"]
[BlackElo "2195"]
[WhiteFideId "-1"]
[WhiteFideId "-1"]
[PlyCount "41"]
[GameId "1659317856440320"]
[EventDate "2021.06.08"]
[EventType "swiss (blitz)"]
[EventRounds "11"]
[EventCountry "NET"]
[SourceTitle "CBM 202 Extra"]
[Source "ChessBase"]
[SourceDate "2021.07.31"]
[SourceVersion "1"]
[SourceVersionDate "2021.07.31"]
[SourceQuality "1"]

1. e4 e6 2. d4 d5 3. Nc3 Bb4 4. Nge2 Nc6 5. Be3 Nge7 6. a3 Ba5 7. b4 Bb6 8. Na4 O-O 9. Nxb6 axb6 10. e5 Nf5 11. Ng3 Nxe3 12. fxe3 f6 13. exf6 Qxf6 14. Qd2 e5 15. c3 exd4 16. cxd4 Bg4 17. Bb5 Nxb4 18. Rf1 Qd6 19. Qxb4 Qxb4+ 20. axb4 Rxa1+ 21. Kd2 0-1

[Event "Titled Tuesday 2021.06.08"]
[Site "Chess.com INT"]
[Date "2021.06.08"]
[Round "11"]
[White "Ivanov, Mike"]
[Black "Politov, Pavel Y"]
[Result "1-0"]
[WhiteElo "2195"]
[BlackElo "2190"]
[WhiteFideId "-1"]
[WhiteFideId "-1"]
[PlyCount "75"]
[GameId "1659317860401152"]
[EventDate "2021.06.08"]
[EventType "swiss (blitz)"]
[EventRounds "11"]
[EventCountry "NET"]
[SourceTitle "CBM 202 Extra"]
[Source "ChessBase"]
[SourceDate "2021.07.31"]
[SourceVersion "1"]
[SourceVersionDate "2021.07.31"]
[SourceQuality "1"]

1. e4 e5 2. Nf3 Nf6 3. Nc3 Nc6 4. Bb5 Nd4 5. Nxd4 exd4 6. Nd5 c6 7. Nxf6+ Qxf6 8. Bc4 d6 9. O-O g5 10. d3 Bh6 11. Bd2 a5 12. c3 a4 13. a3 O-O 14. cxd4 Qxd4 15. Bc3 Qc5 16. Qh5 Bg7 17. Rac1 g4 18. Qh4 Bxc3 19. Rxc3 Qe5 20. Rd1 Ra5 21. d4 Qg5 22. Qg3 d5 23. f4 Qg7 24. exd5 cxd5 25. Bd3 h5 26. Bc2 Ra6 27. f5 Rc6 28. Qe5 Qg5 29. Qxd5 Rxc3 30. bxc3 Qe3+ 31. Kh1 Qxc3 32. Bxa4 Qxa3 33. Bb5 Qb2 34. Bc4 b5 35. Bb3 Qc3 36. f6 Bb7 37. Qg5+ Kh7 38. Qg7# 1-0